00583nam a2200169Ia 4500008004100000020001500041041000800056082001800064100002500082245010700107260003900214300000800253365001100261942001200272999001900284952011000303140306s9999 xx 000 0 und d a8170362059 aeng a331.2bRAM/AP aRama Murthy Kuppachi aAppropriate remuneration in developing countries : three dimensional models for executives and workers aNew DelhibSage Publicationsc1990 a262 bRs.225 2ddccBK c180896d180896 00102ddc4070aKAUCBVbKAUCBVd2004-09-02g225.00l0o331.2 RAM/APr2014-03-22 00:00:00w2014-03-22yBK